ইরানের সমকালীন ইতিহাস / (Record no. 27488)

MARC details
000 -LEADER
fixed length control field 00757nam a22001937a 4500
003 - CONTROL NUMBER IDENTIFIER
control field BDDh-ASL
005 - DATE AND TIME OF LATEST TRANSACTION
control field 20231015030755.0
008 - FIXED-LENGTH DATA ELEMENTS--GENERAL INFORMATION
fixed length control field 211103s1996 b ||||| |||| 00| 0 b d
040 ## - CATALOGING SOURCE
Transcribing agency BDDh-ASL
082 ## - DEWEY DECIMAL CLASSIFICATION NUMBER
Classification number 955
Item number IRA
245 00 - TITLE STATEMENT
Title ইরানের সমকালীন ইতিহাস /
246 ## - VARYING FORM OF TITLE
Title proper/short title Iraner Samakalin Itihas
260 ## - PUBLICATION, DISTRIBUTION, ETC.
Place of publication, distribution, etc. ঢাকা:
Name of publisher, distributor, etc. ইসলামী প্রজাতন্ত্র ইরানের সাংস্কৃতিক কেন্দ্র,
Date of publication, distribution, etc. ১৯৯৬।
300 ## - PHYSICAL DESCRIPTION
Extent ৩১৫ পৃষ্ঠা, :
Dimensions ২৫ সে. মি.
650 #0 - SUBJECT ADDED ENTRY--TOPICAL TERM
9 (RLIN) 4586
Topical term or geographic name entry element History (ইতিহাস)
651 #0 - SUBJECT ADDED ENTRY--GEOGRAPHIC NAME
9 (RLIN) 5502
Geographic name Iran (ইরান)
700 1# - ADDED ENTRY--PERSONAL NAME
9 (RLIN) 5686
Personal name মজিদী, নূর হোসেন
942 ## - ADDED ENTRY ELEMENTS (KOHA)
Source of classification or shelving scheme Dewey Decimal Classification
Koha item type Books
Holdings
Withdrawn status Lost status Source of classification or shelving scheme Damaged status Not for loan Collection code Home library Current library Shelving location Date acquired Source of acquisition Total Checkouts Full call number Barcode Date last seen Copy number Price effective from Koha item type
    Dewey Decimal Classification     Non-fiction Asiatic Society Library Asiatic Society Library General Stacks 11/03/2021 ASB Collection   955 IRA 113604 11/03/2021 C-1 11/03/2021 Books

Powered by Koha